| 000 | 01519nam a2200349 a 4500 | ||
|---|---|---|---|
| 001 | BRCA_3159 | ||
| 005 | 20190320204135.0 | ||
| 008 | 110209s1893----fr-a---###---#000-0#fre-u | ||
| 041 | _afre | ||
| 044 | _afr | ||
| 084 |
_a462 _b.H34 _c1893 |
||
| 100 | 1 |
_aCervantes Saavedra, Miguel de _d1547-1616 _9213 |
|
| 245 | 1 | 0 |
_aDon Quichotte de la Manche _cpar Miguel de Cervantes Saavedra. |
| 250 | _a5 | ||
| 260 |
_aParís _bHachette _c1893 |
||
| 300 |
_a299 p. _bil. _c28 cm. |
||
| 440 | 0 |
_aBibliothéque des Ecoles et des Familles _98514 |
|
| 500 | _aContenido : Primera parte. Texto abreviado. Segunda parte. Texto abreviado | ||
| 500 | _aEdición : Abrégée D´Aprées la TRaduction de Florian et Illustrée Avec les Dessins de Gustave Doré | ||
| 500 | _aQuinta edición de la traducción abreviada para la juventud, basada en la versión de Florian, descrita bajo el número LO-461. Tela; lomo y planos ricamente decorados con adornos en negro y dorado Lúdovik Osterc | ||
| 500 | _aQM397A | ||
| 546 | _aTexto en : francés | ||
| 650 | 1 | 4 |
_aNovela española _yÉpoca clásica, 1500-1700 _9215 |
| 650 | 1 | 4 |
_aLiteratura española _yÉpoca clásica, 1500-1700 _9216 |
| 650 | 1 | 4 |
_aNovela española _ySiglo XVII _9217 |
| 650 | 1 | 4 |
_aDon Quijote (Personaje ficticio) _eNovela _9218 |
| 700 | 1 |
_aFlorian, Jean-Pierre Claris de _d1755-1794 _eTraductor _98480 |
|
| 700 | 1 |
_aDoré, Paul Gustave _d1832-1883 _eIlustrador _98524 |
|
| 740 | 0 | _aEl Ingenioso Hidalgo Don Quijote de la Mancha | |
| 902 | _aQFM | ||
| 942 |
_2lcc _cB |
||
| 999 |
_c2895 _d2895 |
||